|
|
|
|
| LEADER |
00000nam a2200000 a 4500 |
| 001 |
vtls001078846 |
| 003 |
SK-MaSNL |
| 005 |
20260301111131.0 |
| 008 |
251031s1994 xo 0 slo |
| 015 |
|
|
|a SNBA1995/06
|
| 020 |
|
|
|a 8088683025
|
| 035 |
|
|
|a SNK000021681
|
| 040 |
|
|
|a SNK
|b slo
|c SNK
|e AACR2
|
| 041 |
0 |
|
|a slo
|
| 044 |
|
|
|a xo
|c SK
|
| 080 |
|
|
|a 342.7(036)
|2 1981
|
| 100 |
1 |
|
|a Gomien, Donna
|4 aut
|9 450098
|
| 240 |
1 |
0 |
|a Short Guide to the European Convention on Human Rights
|l Slovensky
|
| 245 |
1 |
0 |
|a Krátky sprievodca Európskym dohovorom o ľudských právach
|c Donna Gomien ; prel. Robert Fico, Ján Svák, Peter Stavrovský
|
| 250 |
|
|
|a 2. aktualiz. vyd.
|
| 260 |
|
|
|a Bratislava
|b Ister Science Press
|c 1994
|
| 300 |
|
|
|a 125 s.
|b Sch., tab.
|c 21 cm
|
| 650 |
0 |
7 |
|a ľudské práva
|2 SNKPH
|9 798
|
| 650 |
0 |
7 |
|a medzinárodné zmluvy
|2 SNKPH
|9 67291
|
| 655 |
|
7 |
|a informačné publikácie
|2 SNKPH
|9 70181
|
| 700 |
1 |
|
|a Fico, Robert,
|d 1964-
|4 trl
|9 13683
|
| 700 |
1 |
|
|a Svák, Ján,
|d 1960-
|4 trl
|9 103258
|
| 700 |
1 |
|
|a Stavrovský, Peter
|4 trl
|9 9914
|
| 852 |
|
|
|a Slovenská národná knižnica
|
| 919 |
|
|
|a 80-88683-02-5
|
| 954 |
|
|
|a práva ľudské
|
| 958 |
|
|
|a TL
|
| 958 |
|
|
|a OP
|
| 958 |
|
|
|a NS
|
| 968 |
|
|
|b ENG
|d Z angl. orig.
|
| 999 |
|
|
|c 705693
|d 707623
|
| 952 |
|
|
|a SNK
|b SNK
|y PREZ
|7 0
|p 17A0157557
|o snkSC 88257
|i snkKSP 4846/95
|0 0
|1 0
|4 0
|d 1998-09-18
|l 0
|r 2004-12-31 00:00:00
|w 2026-02-23
|
| 952 |
|
|
|a SNK
|b SNK
|y VYP
|7 0
|p 17A1125386
|o snkSC 88257 D1
|i snkKSP 4847/95
|0 0
|1 0
|4 0
|d 2017-02-17
|l 0
|r 2026-02-23 21:14:39
|w 2026-02-23
|